Účet cudzích prostriedkov a preddavky v rozpočtových organizáciách
Špecifiká typické pre rozpočtové organizácie, ktoré sú upravené v zákone č. 523/2004 Z.z. o rozpočtových pravidlách verejnej správy a o zmene a doplnení niektorých zákonov v z.n.p. Ilustračné príklady.
Uložené v:
| Hlavný autor: | |
|---|---|
| Médium: | Kapitola |
| Jazyk: | Slovak |
| Predmet: | |
| Tagy: |
Žiadne tagy, Buďte prvý, kto otaguje tento záznam!
|
MARC
| LEADER | 00000naa a2200000 4500 | ||
|---|---|---|---|
| 001 | 0160445 | ||
| 005 | 20231204111120.5 | ||
| 041 | 0 | |a slo | |
| 044 | |a SK | ||
| 245 | 1 | 0 | |a Účet cudzích prostriedkov a preddavky v rozpočtových organizáciách |c Ingrid Veverková |
| 520 | |a Špecifiká typické pre rozpočtové organizácie, ktoré sú upravené v zákone č. 523/2004 Z.z. o rozpočtových pravidlách verejnej správy a o zmene a doplnení niektorých zákonov v z.n.p. Ilustračné príklady. | ||
| 610 | 2 | 0 | |a správa verejná |
| 610 | 2 | 0 | |a organizácie rozpočtové |
| 610 | 2 | 0 | |a samospráva |
| 610 | 2 | 0 | |a prostriedky peňažné |
| 610 | 2 | 0 | |a rozpočet štátny |
| 610 | 2 | 0 | |a účtovanie |
| 100 | 1 | |a Veverková, Ingrid | |